Nate the Great goes down in the dumps / (Record no. 5927)

MARC details
000 -LEADER
fixed length control field 01257cam a2200361 a 4500
001 - CONTROL NUMBER
control field 5927
003 - CONTROL NUMBER IDENTIFIER
control field FISKH
005 - DATE AND TIME OF LATEST TRANSACTION
control field 20250207151118.0
008 - FIXED-LENGTH DATA ELEMENTS--GENERAL INFORMATION
fixed length control field 880126s1989 nyua j 000 1 eng
010 ## - LIBRARY OF CONGRESS CONTROL NUMBER
LC control number 88000491
020 ## - INTERNATIONAL STANDARD BOOK NUMBER
International Standard Book Number 0698206363
020 ## - INTERNATIONAL STANDARD BOOK NUMBER
International Standard Book Number 9780440404385
040 ## - CATALOGING SOURCE
Original cataloging agency DLC
Transcribing agency DLC
Modifying agency DLC
Language of cataloging eng
042 ## - AUTHENTICATION CODE
Authentication code lcac
050 ## - LIBRARY OF CONGRESS CALL NUMBER
Classification number PZ7.S5299 N
082 ## - DEWEY DECIMAL CLASSIFICATION NUMBER
Classification number 813.54
100 1# - MAIN ENTRY--PERSONAL NAME
Personal name Sharmat, Marjorie Weinman.
Dates associated with a name (1928–2019)
245 10 - TITLE STATEMENT
Title Nate the Great goes down in the dumps /
Statement of responsibility, etc. by Marjorie Weinman Sharmat ; illustrated by Marc Simont.
250 ## - EDITION STATEMENT
Edition statement This edition first published in 1989
260 ## - PUBLICATION, DISTRIBUTION, ETC.
Place of publication, distribution, etc. New York :
Name of publisher, distributor, etc. Coward-McCann,
Date of publication, distribution, etc. 1989.
300 ## - PHYSICAL DESCRIPTION
Extent 48 pages :
Other physical details color illustrations ;
Dimensions 20 cm.
490 0# - SERIES STATEMENT
Series statement A Break-of-day book
504 ## - BIBLIOGRAPHY, ETC. NOTE
Bibliography, etc. note L<br/>
520 ## - SUMMARY, ETC.
Summary, etc. When Rosamond looks into her crystal ball to read Nate the Great's future, she sees a new case for him to solve--her money box is missing and she wants him to find it.
521 8# - TARGET AUDIENCE NOTE
Target audience note 510<br/>
Source Lexile<br/>
521 8# - TARGET AUDIENCE NOTE
Target audience note L<br/>
Source Raz-PLus<br/>
650 #1 - SUBJECT ADDED ENTRY--TOPICAL TERM
Topical term or geographic name entry element Mystery and detective stories.
Source of heading or term Detective stories
650 #1 - SUBJECT ADDED ENTRY--TOPICAL TERM
Topical term or geographic name entry element Nate the Great
Source of heading or term Grade 2
700 1# - ADDED ENTRY--PERSONAL NAME
Personal name Simont, Marc,
Relator term illustrator
906 ## - LOCAL DATA ELEMENT F, LDF (RLIN)
a 7
b cbc
c orignew
d 1
e ocip
f 19
g y-gencatlg
942 ## - ADDED ENTRY ELEMENTS (KOHA)
Source of classification or shelving scheme Dewey Decimal Classification
Koha item type Books
Suppress in OPAC No
Holdings
Withdrawn status Lost status Source of classification or shelving scheme Damaged status Not for loan Collection Home library Current library Shelving location Date acquired Total Checkouts Full call number Barcode Date last seen Copy number Price effective from Koha item type
    Dewey Decimal Classification     Juvenile Fiction Footprints International School Library Network Toul Kork Campus Footprints International School Library Network Toul Kork Campus TTP Primary Yellow Bookshelves 02/07/2025   SHA 813.54 PZ7.S5299 N 2025-0451 02/07/2025 1 02/07/2025 Books